Youtubeur par image - Statistiques

Statistiques générales
  • Ce quiz a été pris 954 fois
  • Le résultat moyen est 12 sur 16
Statistiques - réponses
Par images Réponse % Correct
Michou
100%
Inoxtag
99%
Mastu
97%
Squeezie
97%
Tibo Inshape
94%
Joyca
92%
Cyprien
91%
Djilsi
84%
HugoDécrypte
79%
ReubeuDeter
78%
THEODORT
78%
TheKairi78
59%
Joueur Du Grenier
55%
Kirby54
40%
Lucas Studio
38%
Unchained
36%
Aucun quiz correspondant
Distribution des résultats
% des personnes avec chaque résultat
Percentile par nombre de réponses
Votre historique - résultats
Vous n’avez pas pris ce quiz